|
|
|
|
| LEADER |
00000cam a2200000 a 4500 |
| 001 |
vtls001111664 |
| 003 |
SK-MaSNL |
| 005 |
20260301111513.0 |
| 008 |
240314s1977 xo np 00000 slo |
| 015 |
|
|
|a SNBA1978
|
| 035 |
|
|
|a SNK000054507
|
| 040 |
|
|
|a SNK
|b slo
|c SNK
|e AACR2
|
| 041 |
0 |
|
|a slo
|
| 044 |
|
|
|a xo
|c SK
|
| 080 |
|
|
|a 633+635(075.8)
|2 1981
|
| 080 |
|
|
|a 635(075.8)
|2 1981
|
| 080 |
|
|
|a 635
|2 1981
|
| 080 |
|
|
|a 633(075.8)
|2 1981
|
| 100 |
1 |
|
|a Krausko, Andrej,
|d 1928-2005
|4 aut
|9 5376
|
| 245 |
1 |
0 |
|a Základy rastlinnej výroby, krmovinárstva a záhradníctva
|c A. Krausko, A. Kováč, Vl. Pevná
|
| 250 |
|
|
|a 1. vyd.
|
| 260 |
|
|
|a Bratislava
|b Príroda
|a Nitra
|b Vysoká škola poľnohospodárska, Agronomická fakulta
|c 1977
|
| 300 |
|
|
|a 463 s.
|b ilustr., sch., tab.
|c 29 cm
|
| 366 |
|
|
|e 200 výt.
|
| 500 |
|
|
|a Bibliogr.: s. 456-458
|
| 650 |
0 |
7 |
|a rastlinná výroba
|2 SNKPH
|9 2835
|
| 650 |
0 |
7 |
|a krmovinárstvo
|2 SNKPH
|9 15091
|
| 650 |
0 |
7 |
|a záhradníctvo
|2 SNKPH
|9 2729
|
| 655 |
|
7 |
|a učebnice vysokých škôl
|2 SNKPH
|9 70191
|
| 700 |
1 |
|
|a Kováč, Alexander
|4 aut
|9 5857
|
| 700 |
1 |
|
|a Pevná, Vlastimila,
|d 1927-
|4 aut
|9 131174
|
| 958 |
|
|
|a OND
|
| 958 |
|
|
|a TL
|
| 958 |
|
|
|a UV
|
| 958 |
|
|
|a NB
|
| 999 |
|
|
|c 707196
|d 709126
|
| 952 |
|
|
|a SNK
|b SNK
|y PREZ
|7 0
|p 17A0926025
|o snkSB 25604
|i snkKSP 5910/77
|0 0
|1 0
|4 0
|d 2014-02-20
|f 1
|l 0
|r 2025-03-28 00:00:00
|w 2026-02-23
|